[Event "Krakow op-A 34th"]
[Site "Krakow"]
[Date "2024.01.02"]
[Round "7"]
[White "Warchol, Kamil"]
[Black "Ramirez Garcia, Jorge Alberto"]
[Result "1/2-1/2"]
[WhiteElo "2108"]
[BlackElo "2249"]
[PlyCount "83"]
[EventDate "2023.12.27"]
[EventType "swiss"]
[EventRounds "9"]
[EventCountry "POL"]
[SourceTitle "CB02_2024"]
[SourceDate "2024.01.10"]
[SourceVersion "1"]
[SourceVersionDate "2024.01.10"]
[SourceQuality "1"]

1. e4 c6 2. c4 d5 3. cxd5 cxd5 4. exd5 Nf6 5. Nc3 Nxd5 6. Nf3 Nc6 7. Bb5 g6 8. Ne5 Qd6 9. d4 Bg7 10. Qe2 0-0 11. Bxc6 bxc6 12. 0-0 Nxc3 13. bxc3 c5 14. Ba3 Ba6 15. Nd3 Rfd8 16. Rfd1 Rac8 17. Qf3 Bxd3 18. Qxd3 Qd5 19. Qf1 cxd4 20. cxd4 e6 21. Bc5 Rd7 22. Qb5 e5 23. Qb3 a6 24. Rac1 exd4 25. Ba3 Rxc1 26. Rxc1 h5 27. Rd1 d3 28. Qxd5 Rxd5 29. Bb4 Rb5 30. Be1 Rd5 31. g3 f5 32. Bd2 Bb2 33. Kg2 Kf7 34. Kf3 Bd4 35. Be1 Bc5 36. Bd2 Ke6 37. h4 Kd6 38. Re1 Kd7 39. Kg2 Bb6 40. Kf3 Rb5 41. Bc3 Ba5 42. Rd1 1/2-1/2

[Event "Krakow op-A 34th"]
[Site "Krakow"]
[Date "2023.12.29"]
[Round "3"]
[White "Warchol, Kamil"]
[Black "Wojdak, Jan"]
[Result "1/2-1/2"]
[WhiteElo "2108"]
[BlackElo "2219"]
[PlyCount "143"]
[EventDate "2023.12.27"]
[EventType "swiss"]
[EventRounds "9"]
[EventCountry "POL"]
[SourceTitle "CB02_2024"]
[SourceDate "2024.01.10"]
[SourceVersion "1"]
[SourceVersionDate "2024.01.10"]
[SourceQuality "1"]

1. e4 c5 2. Nf3 e6 3. d4 cxd4 4. Nxd4 Nc6 5. Nc3 Qc7 6. g3 a6 7. Bg2 Nf6 8. 0-0 d6 9. Re1 Bd7 10. Nxc6 Bxc6 11. Nd5 Qd8 12. Be3 Nd7 13. c4 Be7 14. Qd4 Bxd5 15. cxd5 e5 16. Qb4 b6 17. Rac1 Nc5 18. Qc4 a5 19. Qb5+ Kf8 20. b3 Rb8 21. a3 Qe8 22. Qxe8+ Kxe8 23. Rc3 a4 24. b4 Nb3 25. Bf1 b5 26. Rc7 Bd8 27. Rc6 Ke7 28. f4 f6 29. Bh3 h6 30. Rf1 Rf8 31. fxe5 fxe5 32. Rxf8 Kxf8 33. Rxd6 Bg5 34. Bxg5 hxg5 35. Rc6 Nd2 36. Bf5 Nc4 37. d6 Rd8 38. d7 Nxa3 39. Rc5 Nc4 40. Rxb5 a3 41. Rb7 Ke7 42. Ra7 Rb8 43. b5 Ne3 44. Rxa3 Nxf5 45. exf5 Rxb5 46. Rd3 Kd8 47. Kf2 e4 48. Rd4 Rxf5+ 49. Ke3 Rf3+ 50. Kxe4 Rf2 51. Ke5 Rxh2 52. Kf5 Rh6 53. Kxg5 Rf6 54. g4 Ra6 55. Rd5 Rb6 56. Kf5 Rf6+ 57. Ke5 Rf7 58. Ke6 Rf6+ 59. Ke5 Rf7 60. Ke4 Rxd7 61. Rxd7+ Kxd7 62. Kf5 Ke7 63. Kg6 Kf8 64. Kh7 g5 65. Kg6 Kg8 66. Kxg5 Kg7 67. Kf5 Kf7 68. g5 Kg7 69. g6 Kg8 70. Kf6 Kf8 71. g7+ Kg8 72. Kg6 1/2-1/2

[Event "Wch U14"]
[Site "Montesilvano"]
[Date "2023.11.24"]
[Round "11"]
[White "Warchol, Kamil"]
[Black "Tenuunbold, Battulga"]
[Result "1/2-1/2"]
[WhiteElo "2095"]
[BlackElo "2290"]
[PlyCount "65"]
[EventDate "2023.11.13"]
[EventType "swiss"]
[EventRounds "11"]
[EventCountry "ITA"]
[SourceTitle "CB48_2023"]
[SourceDate "2023.11.29"]
[SourceVersion "1"]
[SourceVersionDate "2023.11.29"]
[SourceQuality "1"]

1. e4 c5 2. Nf3 Nc6 3. Bb5 g6 4. 0-0 Bg7 5. c3 Nf6 6. Re1 0-0 7. d4 cxd4 8. cxd4 d5 9. e5 Ne8 10. Bxc6 bxc6 11. Nc3 Bg4 12. h3 Bxf3 13. Qxf3 f6 14. exf6 Bxf6 15. Qg4 Nd6 16. Bg5 Nf5 17. Rad1 Qd6 18. Bxf6 Qxf6 19. Na4 Rfb8 20. a3 a5 21. Re2 Rb5 22. Nc5 h5 23. Qf4 Nxd4 24. Qxd4 Qxd4 25. Rxd4 Rxc5 26. Rxe7 Rf8 27. f3 Rc1+ 28. Kh2 Rf7 29. Re6 Kg7 30. Ra4 Rb7 31. b4 axb4 32. axb4 h4 33. b5 1/2-1/2

[Event "Wch U14"]
[Site "Montesilvano"]
[Date "2023.11.21"]
[Round "8"]
[White "Lira, Suan Bruno Fernande"]
[Black "Warchol, Kamil"]
[Result "0-1"]
[WhiteElo "1858"]
[BlackElo "2095"]
[PlyCount "78"]
[EventDate "2023.11.13"]
[EventType "swiss"]
[EventRounds "11"]
[EventCountry "ITA"]
[SourceTitle "CB48_2023"]
[SourceDate "2023.11.29"]
[SourceVersion "1"]
[SourceVersionDate "2023.11.29"]
[SourceQuality "1"]

1. d4 Nf6 2. c4 e6 3. Nf3 d5 4. Nc3 dxc4 5. e4 b5 6. e5 Nd5 7. Nxb5 Nb6 8. Be3 Nc6 9. Be2 Be7 10. 0-0 0-0 11. Rc1 Rb8 12. Nc3 Nb4 13. a3 N4d5 14. Nd2 Nxe3 15. fxe3 c5 16. Nxc4 Nxc4 17. Bxc4 Bg5 18. Kh1 Bxe3 19. Rc2 Bxd4 20. Qe1 Qg5 21. Re2 Bb7 22. Ne4 Bxe4 23. Rxe4 Rxb2 24. Re2 Rxe2 25. Qxe2 Qxe5 26. Qf3 Qd6 27. Rb1 Rb8 28. Rb7 Rxb7 29. Qxb7 Bf6 30. g3 g6 31. Qa6 Qxa6 32. Bxa6 Bb2 33. a4 f5 34. Kg2 e5 35. h3 Kf7 36. g4 Kf6 37. gxf5 gxf5 38. Bc8 e4 39. h4 c4 0-1

[Event "Wch U14"]
[Site "Montesilvano"]
[Date "2023.11.16"]
[Round "4"]
[White "Sowinski, Pawel"]
[Black "Warchol, Kamil"]
[Result "1-0"]
[WhiteElo "2347"]
[BlackElo "2095"]
[PlyCount "97"]
[EventDate "2023.11.13"]
[EventType "swiss"]
[EventRounds "11"]
[EventCountry "ITA"]
[SourceTitle "CB48_2023"]
[SourceDate "2023.11.29"]
[SourceVersion "1"]
[SourceVersionDate "2023.11.29"]
[SourceQuality "1"]

1. Nf3 d5 2. g3 Nf6 3. Bg2 c6 4. 0-0 Bg4 5. c4 e6 6. Qb3 Qb6 7. Qc2 Be7 8. d3 Nbd7 9. cxd5 exd5 10. e4 Bxf3 11. Bxf3 0-0 12. Nc3 dxe4 13. dxe4 Rfd8 14. Bf4 Qa5 15. a3 Ne5 16. Be2 Rac8 17. b4 Qc7 18. Rac1 Qb8 19. Kg2 h6 20. h3 Qd6 21. Qb3 g5 22. Be3 Qe6 23. Qxe6 fxe6 24. f4 gxf4 25. gxf4 Ng6 26. Bc4 Nf8 27. f5 N6d7 28. Bf4 Nb6 29. Ba2 Kh7 30. Rf3 exf5 31. exf5 Nbd7 32. Re1 Bh4 33. Re2 Re8 34. Rfe3 Rxe3 35. Rxe3 Kg7 36. Kf3 Bf6 37. Ne4 Re8 38. Re2 Ne5+ 39. Bxe5 Bxe5 40. Rg2+ Kh7 41. Rd2 Kg7 42. h4 Kh8 43. f6 Rb8 44. Rg2 Kh7 45. h5 a6 46. Rg7+ Kh8 47. Rg8+ Kh7 48. f7 Bg7 49. Nf6+ 1-0

[Event "EU-ch U14 rapid"]
[Site "Terme Catez"]
[Date "2023.09.28"]
[Round "4"]
[White "Kasa, Barnabas"]
[Black "Warchol, Kamil"]
[Result "0-1"]
[WhiteElo "1600"]
[BlackElo "2023"]
[PlyCount "138"]
[EventDate "2023.09.28"]
[EventType "swiss (rapid)"]
[EventRounds "9"]
[EventCountry "SLO"]
[SourceTitle "EXT 2024"]
[Source "ChessBase"]
[SourceDate "2023.10.10"]
[SourceVersion "1"]
[SourceVersionDate "2023.10.10"]
[SourceQuality "1"]

1. e4 c5 2. Nf3 e6 3. d4 cxd4 4. Nxd4 Nc6 5. Nc3 Qc7 6. Qd3 a6 7. Nxc6 bxc6 8. Qg3 Qxg3 9. hxg3 d5 10. g4 Nf6 11. g5 Nxe4 12. Nxe4 dxe4 13. Rh4 c5 14. Rxe4 Bb7 15. Rh4 Be7 16. Be3 Rd8 17. Bd3 Bxg2 18. Bxa6 f6 19. Bb5+ Kf7 20. gxf6 Bxf6 21. Rf4 h5 22. Bf1 Bxf1 23. Kxf1 h4 24. Kg2 Rd5 25. Rh1 g5 26. Rg4 Rg8 27. a4 Bxb2 28. a5 Bd4 29. c4 Rf5 30. Bxd4 cxd4 31. Ra1 Ra8 32. Rxd4 Raxa5 33. Rad1 Ra2 34. R1d2 Rxd2 35. Rxd2 Rc5 36. Rd4 e5 37. Re4 Kf6 38. f3 Kf5 39. Kh3 Ra5 40. Kg2 Ra2+ 41. Kh3 Rf2 42. Re3 Kf4 43. Rc3 Rxf3+ 44. Rxf3+ Kxf3 45. c5 g4+ 46. Kxh4 g3 47. c6 g2 48. c7 g1Q 49. c8Q Qh2+ 50. Kg5 Qf4+ 51. Kh5 e4 52. Qh3+ Kf2 53. Qc8 e3 54. Qc5 Kg3 55. Qc2 Qg4+ 56. Kh6 e2 57. Qc3+ Kf2 58. Qc5+ Kf1 59. Qf8+ Kg2 60. Qe7 Qf4+ 61. Kh7 Kf1 62. Qe6 Qh4+ 63. Kg6 Qg3+ 64. Kh7 e1Q 65. Qf5+ Qef2 66. Qb5+ Kg2 67. Qc6+ Kh2 68. Qf6 Qh4+ 69. Kg8 Qhxf6 0-1

[Event "Katowice POL-HUN 10th"]
[Site "Katowice"]
[Date "2023.09.09"]
[Round "3"]
[White "Warchol, Kamil"]
[Black "Tancsa, Tamas"]
[Result "1/2-1/2"]
[WhiteElo "2088"]
[BlackElo "2257"]
[PlyCount "107"]
[EventDate "2023.09.09"]
[EventType "swiss (rapid)"]
[EventRounds "9"]
[EventCountry "POL"]
[SourceTitle "EXT 2024"]
[Source "ChessBase"]
[SourceDate "2023.10.10"]
[SourceVersion "1"]
[SourceVersionDate "2023.10.10"]
[SourceQuality "1"]

1. e4 c5 2. Nf3 d6 3. d4 cxd4 4. Nxd4 Nf6 5. Nc3 a6 6. Be3 e5 7. Nf3 b5 8. a4 b4 9. Nd5 Nbd7 10. Bc4 Be7 11. a5 Bb7 12. Nxb4 Bxe4 13. Ng5 Bg6 14. 0-0 Qc7 15. Bd5 Nxd5 16. Nxd5 Qc6 17. Ra3 Rc8 18. Rc3 Qb7 19. Rxc8+ Qxc8 20. Qd2 h6 21. Nf3 Be4 22. Rd1 Qc6 23. Ne1 Nf6 24. Nxf6+ gxf6 25. f3 Bf5 26. Nd3 d5 27. Nb4 Bxb4 28. Qxb4 Kd7 29. c3 Be6 30. Qb6 Qxb6 31. axb6 Kc6 32. Ra1 Kb7 33. Ra4 f5 34. g3 f6 35. Kf2 h5 36. Rh4 Bf7 37. g4 fxg4 38. fxg4 Kc6 39. h3 Rh7 40. Kg3 Bg6 41. Kf2 f5 42. gxf5 Bxf5 43. Ra4 Kb7 44. h4 Rg7 45. Ra5 Be4 46. Rc5 Rg2+ 47. Kf1 Rg7 48. Rc7+ Rxc7 49. bxc7 Kxc7 50. Ke2 Kc6 51. Ba7 a5 52. Bb8 Kb5 53. Bxe5 Kc4 54. Kd2 1/2-1/2

[Event "POL-ch Rapid U18"]
[Site "Bydgoszcz"]
[Date "2023.08.30"]
[Round "7"]
[White "Warchol, Kamil"]
[Black "Suska, Szymon"]
[Result "1/2-1/2"]
[WhiteElo "2033"]
[BlackElo "1777"]
[PlyCount "45"]
[EventDate "2023.08.28"]
[EventType "swiss"]
[EventRounds "11"]
[EventCountry "POL"]
[SourceTitle "EXT 2024"]
[Source "ChessBase"]
[SourceDate "2023.10.10"]
[SourceVersion "1"]
[SourceVersionDate "2023.10.10"]
[SourceQuality "1"]

1. e4 c5 2. Nf3 Nc6 3. Bb5 g6 4. 0-0 Bg7 5. c3 a6 6. Bxc6 dxc6 7. d3 Nf6 8. Qe2 0-0 9. a4 b5 10. Be3 c4 11. dxc4 bxc4 12. Qxc4 Be6 13. Qxc6 Rc8 14. Qb6 Nxe4 15. Qxd8 Rfxd8 16. Ng5 Bd5 17. Nxe4 Bxe4 18. Na3 Rb8 19. Rfd1 Bd5 20. Rd2 Bb3 21. Rxd8+ Rxd8 22. a5 Rd5 23. Kf1 1/2-1/2

[Event "Titled Tuesday intern op 22nd Aug Early"]
[Site "Chess.com INT"]
[Date "2023.08.22"]
[Round "9"]
[White "Efremov, Vladislav"]
[Black "Warchol, Kamil"]
[Result "0-1"]
[WhiteElo "2349"]
[BlackElo "2102"]
[PlyCount "142"]
[EventDate "2023.08.22"]
[EventType "swiss (blitz)"]
[EventRounds "11"]
[EventCountry "USA"]
[SourceTitle "EXT 2024"]
[Source "ChessBase"]
[SourceDate "2023.10.10"]
[SourceVersion "1"]
[SourceVersionDate "2023.10.10"]
[SourceQuality "1"]

1. c4 e5 2. Nc3 Nf6 3. g3 c6 4. Bg2 d5 5. cxd5 cxd5 6. e3 d4 7. Ne4 Nxe4 8. Bxe4 dxe3 9. dxe3 Bb4+ 10. Bd2 Bxd2+ 11. Qxd2 Qxd2+ 12. Kxd2 0-0 13. Nf3 Nd7 14. Ke2 Nc5 15. Bd5 e4 16. Nd4 Rd8 17. Bc4 Bg4+ 18. Kf1 Rac8 19. Kg2 Na4 20. Rac1 Nxb2 21. Bb3 Nd3 22. Rxc8 Rxc8 23. Rb1 b6 24. Bd5 Nc5 25. Rc1 Rd8 26. Bc6 Bd7 27. Bxd7 Rxd7 28. a4 g6 29. a5 Kg7 30. Rc4 Kf6 31. Kf1 Ke5 32. Rb4 Rb7 33. axb6 Rxb6 34. Rc4 Kd5 35. Rc2 a5 36. Ke2 a4 37. f3 a3 38. Kd2 exf3 39. Nxf3 Ne4+ 40. Kd3 Nc5+ 41. Kd2 Nb3+ 42. Kc3 Na5 43. Nd4 Nc6 44. Ra2 Nxd4 45. exd4 Rc6+ 46. Kd3 Ra6 47. Kc3 Ra4 48. h3 h5 49. Kb3 Rxd4 50. Kxa3 Rd3+ 51. Kb4 Rxg3 52. Rf2 Ke6 53. Rh2 Kf5 54. Kc4 Kg5 55. Kd4 Kh4 56. Rf2 f5 57. Ke5 Kxh3 58. Kf6 h4 59. Rf1 Kg2 60. Ra1 h3 61. Ra2+ Kf3 62. Ra3+ Kg4 63. Ra4+ f4 64. Kxg6 h2 65. Ra1 Rg1 66. Kh6 Rxa1 67. Kg7 h1Q 68. Kg6 Qd5 69. Kf6 Ra6+ 70. Ke7 Qb7+ 71. Kd8 Ra8# 0-1

[Event "Titled Tuesday intern op 22nd Aug Early"]
[Site "Chess.com INT"]
[Date "2023.08.22"]
[Round "8"]
[White "Warchol, Kamil"]
[Black "Tahbaz, Arash"]
[Result "0-1"]
[WhiteElo "2102"]
[BlackElo "2441"]
[PlyCount "51"]
[EventDate "2023.08.22"]
[EventType "swiss (blitz)"]
[EventRounds "11"]
[EventCountry "USA"]
[SourceTitle "EXT 2024"]
[Source "ChessBase"]
[SourceDate "2023.10.10"]
[SourceVersion "1"]
[SourceVersionDate "2023.10.10"]
[SourceQuality "1"]

1. e4 g6 2. d4 Bg7 3. Nc3 d6 4. Be3 Nd7 5. Qd2 a6 6. g4 b5 7. h4 h6 8. f3 Bb7 9. h5 g5 10. Nge2 Rc8 11. Ng3 e6 12. f4 gxf4 13. Bxf4 Ngf6 14. g5 b4 15. Nd1 Nxe4 16. Nxe4 Bxe4 17. Rg1 hxg5 18. Bxg5 Bf6 19. Nf2 Bh7 20. Bxa6 Rb8 21. Be2 Rg8 22. Nh3 Bf5 23. Bf1 Bxh3 24. Bxf6 Nxf6 25. Rxg8+ Nxg8 26. 0-0-0 0-1

[Event "Ustron op-B"]
[Site "Ustron"]
[Date "2023.08.11"]
[Round "1"]
[White "Warchol, Kamil"]
[Black "Sroka, Janusz"]
[Result "1-0"]
[WhiteElo "2102"]
[BlackElo "1976"]
[PlyCount "137"]
[EventDate "2023.08.11"]
[EventType "swiss"]
[EventRounds "9"]
[EventCountry "POL"]
[SourceTitle "CBM 215 Extra"]
[Source "ChessBase"]
[SourceDate "2023.09.30"]
[SourceVersion "1"]
[SourceVersionDate "2023.09.30"]
[SourceQuality "1"]

1. e4 d6 2. d4 g6 3. Nc3 Bg7 4. Be3 c6 5. Qd2 Nd7 6. f3 b5 7. g4 Rb8 8. h4 h5 9. gxh5 Rxh5 10. f4 b4 11. Nce2 Qa5 12. Ng3 Rh8 13. Nf3 Ndf6 14. Bd3 Ng4 15. Bg1 e5 16. Bc4 Ba6 17. Bxa6 Qxa6 18. dxe5 Rd8 19. Rd1 Qc4 20. b3 Qb5 21. Nd4 Qb7 22. e6 c5 23. Qe2 N8h6 24. Nb5 Bc3+ 25. Kf1 Qe7 26. exf7+ Qxf7 27. Kg2 Qxf4 28. Nc7+ Kd7 29. Nd5 Qe5 30. Qb5+ Ke6 31. Qc4 Kd7 32. Bxc5 Rc8 33. Qb5+ Ke6 34. Bg1 Rh7 35. Qd3 Rf7 36. Nxc3 Rxc3 37. Qd5+ Ke7 38. Qxe5+ Nxe5 39. Rd2 Nf3 40. Re2 Ke6 41. Be3 Ng4 42. Bc1 Nd4 43. Rd2 Ne3+ 44. Kh3 Nf1 45. Rxf1 Rxf1 46. Bb2 Rh1+ 47. Kg2 Rxg3+ 48. Kxg3 Nc6 49. Re2 Ne7 50. c3 bxc3 51. Bxc3 Rg1+ 52. Rg2 Rd1 53. Kf2 Rd3 54. Rg3 Rd1 55. Rf3 Rh1 56. Kg3 Rg1+ 57. Kf4 d5 58. Re3 dxe4 59. Rxe4+ Kd7 60. Kf3 Rh1 61. Bd4 Rh2 62. Bxa7 Rxa2 63. Bc5 Nf5 64. b4 Ra3+ 65. Kg4 Rg3+ 66. Kf4 Rb3 67. h5 Nh4 68. Kg4 Ng2 69. hxg6 1-0

[Event "Titled Tuesday intern op 08th Aug Early"]
[Site "Chess.com INT"]
[Date "2023.08.08"]
[Round "6"]
[White "Burmakin, Evgeniy"]
[Black "Warchol, Kamil"]
[Result "0-1"]
[WhiteElo "2179"]
[BlackElo "2102"]
[PlyCount "90"]
[EventDate "2023.08.08"]
[EventType "swiss (blitz)"]
[EventRounds "11"]
[EventCountry "USA"]
[SourceTitle "EXT 2024"]
[Source "ChessBase"]
[SourceDate "2023.10.10"]
[SourceVersion "1"]
[SourceVersionDate "2023.10.10"]
[SourceQuality "1"]

1. e4 c5 2. Nc3 a6 3. a4 e6 4. Nf3 Nc6 5. d4 cxd4 6. Nxd4 Nf6 7. Nxc6 bxc6 8. e5 Nd5 9. Ne4 Qc7 10. f4 Qb6 11. a5 Qa7 12. Bd3 Be7 13. Qf3 Qc7 14. 0-0 f5 15. exf6 Nxf6 16. Bd2 0-0 17. Bc3 Nd5 18. Bd2 c5 19. Ra4 Bb7 20. Qg3 Nf6 21. Bc3 Bc6 22. Raa1 Bb5 23. Rad1 Qb7 24. f5 Bxd3 25. cxd3 d5 26. Ng5 d4 27. Nxe6 Rf7 28. Bd2 Nd5 29. Bh6 Bf6 30. Rde1 Kh8 31. Bg5 Qxb2 32. Bxf6 Nxf6 33. Ng5 Rd7 34. Re6 Qb7 35. Rfe1 h6 36. Qh4 Rc8 37. Rxf6 gxf6 38. Qxh6+ Kg8 39. Qxf6 Rg7 40. h4 Rf8 41. Qe6+ Rgf7 42. Nxf7 Qxf7 43. Qxf7+ Rxf7 44. g4 Rb7 45. g5 Rb3 0-1

[Event "Titled Tuesday intern op 08th Aug Early"]
[Site "Chess.com INT"]
[Date "2023.08.08"]
[Round "7"]
[White "Edisherashvili, Alexandre"]
[Black "Warchol, Kamil"]
[Result "1-0"]
[WhiteElo "1997"]
[BlackElo "2102"]
[PlyCount "121"]
[EventDate "2023.08.08"]
[EventType "swiss (blitz)"]
[EventRounds "11"]
[EventCountry "USA"]
[SourceTitle "EXT 2024"]
[Source "ChessBase"]
[SourceDate "2023.10.10"]
[SourceVersion "1"]
[SourceVersionDate "2023.10.10"]
[SourceQuality "1"]

1. e4 c5 2. Nf3 e6 3. Nc3 a6 4. d4 cxd4 5. Nxd4 b5 6. Bd3 Qb6 7. Nb3 Qc7 8. a4 b4 9. Ne2 Bb7 10. Bf4 d6 11. Qd2 Nc6 12. 0-0 Nf6 13. Rac1 Be7 14. c3 bxc3 15. Rxc3 0-0 16. Rfc1 Qd7 17. Be3 Rac8 18. f3 Ne5 19. Bb1 Qxa4 20. Nbd4 Nc4 21. b3 Nxd2 22. bxa4 Rxc3 23. Rxc3 Ndxe4 24. fxe4 Bxe4 25. Bxe4 Nxe4 26. Rc7 Bf6 27. Nc6 d5 28. Ra7 e5 29. Rxa6 d4 30. Bc1 d3 31. Ng3 d2 32. Bxd2 Nxd2 33. a5 e4 34. Kf2 Bg5 35. Ke2 f5 36. Rb6 f4 37. Nf1 f3+ 38. gxf3 exf3+ 39. Kf2 Bh4+ 40. Kg1 f2+ 41. Kg2 Nxf1 42. Kxf1 Re8 43. Rb8 Rxb8 44. Nxb8 Bd8 45. a6 Bb6 46. Nc6 Kf7 47. a7 Bxa7 48. Nxa7 g5 49. Kxf2 h5 50. Kg3 Kg6 51. Nc6 Kf5 52. Nd4+ Ke4 53. Nf3 g4 54. Nh4 Ke5 55. Ng6+ Kf6 56. Nf4 Kg5 57. Ng2 Kf5 58. Kh4 Ke4 59. Kxh5 Kf3 60. Nh4+ Kf2 61. Kxg4 1-0

[Event "Titled Tuesday intern op 08th Aug Early"]
[Site "Chess.com INT"]
[Date "2023.08.08"]
[Round "4"]
[White "Srivatsan, Karthikeyan"]
[Black "Warchol, Kamil"]
[Result "1-0"]
[WhiteElo "1813"]
[BlackElo "2102"]
[PlyCount "85"]
[EventDate "2023.08.08"]
[EventType "swiss (blitz)"]
[EventRounds "11"]
[EventCountry "USA"]
[SourceTitle "EXT 2024"]
[Source "ChessBase"]
[SourceDate "2023.10.10"]
[SourceVersion "1"]
[SourceVersionDate "2023.10.10"]
[SourceQuality "1"]

1. e4 c5 2. Nf3 d6 3. d4 cxd4 4. Nxd4 Nf6 5. f3 Nc6 6. c4 g6 7. Nc3 Bg7 8. Be3 0-0 9. Be2 Qb6 10. Na4 Qc7 11. 0-0 Bd7 12. Nc3 Rac8 13. Qd2 Rfd8 14. Rac1 Qb8 15. Rfd1 Ne5 16. b3 a6 17. h3 Nc6 18. f4 e5 19. Nf3 Be6 20. Qc2 Nh5 21. fxe5 dxe5 22. Rxd8+ Rxd8 23. Rd1 Nf4 24. Bxf4 exf4 25. Nd5 Qa7+ 26. Kh1 Bxd5 27. exd5 Nb4 28. Qd2 Qb6 29. a3 Nc6 30. Qxf4 Qxb3 31. Rd3 Qb1+ 32. Kh2 Nb8 33. Qc7 Re8 34. Rd2 Qa1 35. d6 Be5+ 36. Nxe5 Qxe5+ 37. Kh1 Qa1+ 38. Kh2 Qe5+ 39. Kh1 Qa1+ 40. Rd1 Qe5 41. Bf3 Qe6 42. Bxb7 Qe5 43. Bf3 1-0

[Event "Titled Tuesday intern op 08th Aug Early"]
[Site "Chess.com INT"]
[Date "2023.08.08"]
[Round "8"]
[White "Warchol, Kamil"]
[Black "Cagara, Paulina"]
[Result "1-0"]
[WhiteElo "2102"]
[BlackElo "2085"]
[PlyCount "75"]
[EventDate "2023.08.08"]
[EventType "swiss (blitz)"]
[EventRounds "11"]
[EventCountry "USA"]
[SourceTitle "EXT 2024"]
[Source "ChessBase"]
[SourceDate "2023.10.10"]
[SourceVersion "1"]
[SourceVersionDate "2023.10.10"]
[SourceQuality "1"]

1. e4 c6 2. c4 d5 3. cxd5 cxd5 4. exd5 Nf6 5. Nc3 Nxd5 6. Nf3 Nc6 7. Bb5 Bg4 8. Qa4 Nf6 9. Bxc6+ bxc6 10. Qxc6+ Bd7 11. Qc4 Rc8 12. Qb3 g6 13. Ng5 e6 14. 0-0 Bg7 15. d4 0-0 16. Rd1 Bc6 17. Bf4 Nd5 18. Nxd5 Bxd5 19. Qe3 Rc2 20. Rd2 Rc4 21. b3 Rc6 22. Ne4 Qh4 23. f3 Rfc8 24. Rad1 Bxe4 25. fxe4 Rc3 26. Rd3 Rc2 27. d5 exd5 28. exd5 Qg4 29. Bg3 h5 30. d6 h4 31. d7 Rd8 32. Qe8+ Kh7 33. Qxd8 hxg3 34. hxg3 g5 35. Qa8 Rxg2+ 36. Qxg2 f5 37. d8Q f4 38. gxf4 1-0

[Event "Titled Tuesday intern op 08th Aug Early"]
[Site "Chess.com INT"]
[Date "2023.08.08"]
[Round "11"]
[White "Warchol, Kamil"]
[Black "Vivaan, Vishal Shah"]
[Result "1-0"]
[WhiteElo "2102"]
[BlackElo "2047"]
[PlyCount "99"]
[EventDate "2023.08.08"]
[EventType "swiss (blitz)"]
[EventRounds "11"]
[EventCountry "USA"]
[SourceTitle "EXT 2024"]
[Source "ChessBase"]
[SourceDate "2023.10.10"]
[SourceVersion "1"]
[SourceVersionDate "2023.10.10"]
[SourceQuality "1"]

1. e4 c5 2. Nf3 d6 3. d4 cxd4 4. Nxd4 Nf6 5. Nc3 g6 6. Be3 Bg7 7. f3 0-0 8. Qd2 Nc6 9. g4 Be6 10. Nxe6 fxe6 11. 0-0-0 Ne5 12. Be2 Qc8 13. h4 Nfd7 14. h5 Nc4 15. Bxc4 Qxc4 16. hxg6 hxg6 17. f4 Bxc3 18. bxc3 Qxa2 19. Qh2 Kf7 20. Qh7+ Ke8 21. e5 Qa3+ 22. Kb1 Qxc3 23. Qxg6+ Kd8 24. exd6 Qb4+ 25. Kc1 Qa3+ 26. Kd2 Qxd6+ 27. Ke2 Qa6+ 28. Kf2 Qc4 29. Rd4 Qc6 30. Rhd1 e5 31. Qxc6 bxc6 32. Rxd7+ Ke8 33. f5 Rb8 34. Bc5 Rf7 35. Rxa7 Kf8 36. Rdd7 Re8 37. Rxe7 Rfxe7 38. Rxe7 Rxe7 39. f6 Kf7 40. Bxe7 Ke6 41. g5 Kd5 42. g6 Kc4 43. g7 Kc3 44. g8Q Kb2 45. Qc4 Kb1 46. c3 Ka1 47. Qb3 e4 48. Ba3 e3+ 49. Ke2 c5 50. Qb2# 1-0

[Event "Titled Tuesday intern op 01st Aug Early"]
[Site "Chess.com INT"]
[Date "2023.08.01"]
[Round "2"]
[White "Bettalli, Francesco"]
[Black "Warchol, Kamil"]
[Result "1-0"]
[WhiteElo "2274"]
[BlackElo "2102"]
[PlyCount "115"]
[EventDate "2023.08.01"]
[EventType "swiss (blitz)"]
[EventRounds "11"]
[EventCountry "USA"]
[SourceTitle "EXT 2024"]
[Source "ChessBase"]
[SourceDate "2023.10.10"]
[SourceVersion "1"]
[SourceVersionDate "2023.10.10"]
[SourceQuality "1"]

1. e4 c5 2. Nc3 a6 3. g3 b5 4. Bg2 e6 5. Nge2 Bb7 6. 0-0 Nf6 7. d4 cxd4 8. Nxd4 b4 9. Nd5 exd5 10. exd5 Bc5 11. Nb3 Bb6 12. Qe1+ Kf8 13. Qxb4+ Kg8 14. Bg5 d6 15. Rfe1 Nbd7 16. Qxd6 Qc7 17. Qxc7 Bxc7 18. c4 Rc8 19. Re7 Kf8 20. Rae1 Re8 21. d6 Bxg2 22. dxc7 Bb7 23. Rxe8+ Nxe8 24. Rd1 Bc8 25. c5 f6 26. Bf4 Kf7 27. c6 Nb6 28. Rd8 Rg8 29. Be3 Nxc7 30. Rxg8 Kxg8 31. Bxb6 Nd5 32. Bd4 Nb4 33. c7 Nxa2 34. Bc5 Kf7 35. Kf1 Ke6 36. Ke1 Kd7 37. Kd2 Kxc7 38. Kc2 Be6 39. Nd4 Bd5 40. b3 a5 41. Bf8 g6 42. f4 f5 43. Kb2 Nb4 44. Bxb4 axb4 45. Nc2 Kb6 46. Nxb4 Be4 47. Kc3 Kb5 48. Nd3 Bd5 49. Ne5 Bg8 50. b4 Bd5 51. Nd7 Be6 52. Nf6 h6 53. Ne8 Bg8 54. Nd6+ Kc6 55. Nc4 Kb5 56. Ne5 g5 57. Nd3 Kc6 58. Kd4 1-0

[Event "Titled Tuesday intern op 01st Aug Early"]
[Site "Chess.com INT"]
[Date "2023.08.01"]
[Round "9"]
[White "Schlecht, Daniel"]
[Black "Warchol, Kamil"]
[Result "0-1"]
[WhiteElo "2370"]
[BlackElo "2102"]
[PlyCount "116"]
[EventDate "2023.08.01"]
[EventType "swiss (blitz)"]
[EventRounds "11"]
[EventCountry "USA"]
[SourceTitle "EXT 2024"]
[Source "ChessBase"]
[SourceDate "2023.10.10"]
[SourceVersion "1"]
[SourceVersionDate "2023.10.10"]
[SourceQuality "1"]

1. g3 d5 2. Nf3 Nf6 3. Bg2 Bf5 4. 0-0 h6 5. c4 e6 6. Qb3 b6 7. Nc3 c6 8. cxd5 cxd5 9. Ne5 Bd6 10. Qa4+ Nfd7 11. Nc6 Nxc6 12. Qxc6 Be5 13. d3 0-0 14. Qa4 Nc5 15. Qa3 a5 16. Nb5 Qd7 17. d4 Qxb5 18. dxe5 Qxe2 19. Be3 Be4 20. Rfe1 Qb5 21. Bxc5 Qxc5 22. Qxc5 bxc5 23. Bxe4 dxe4 24. Rxe4 Rfb8 25. b3 a4 26. Rxa4 Rxa4 27. bxa4 Rb4 28. Rc1 c4 29. Kf1 Rxa4 30. Rc2 Kh7 31. Ke2 Kg6 32. f4 Kf5 33. Ke3 g5 34. fxg5 hxg5 35. Kd4 c3+ 36. Kxc3 Kxe5 37. Kb3 Ra7 38. a4 f5 39. Kb4 f4 40. Kb5 f3 41. a5 Ke4 42. h4 gxh4 43. gxh4 Kd3 44. Ra2 Ke3 45. Kb6 Rh7 46. Ra3+ Ke2 47. Ra2+ Ke1 48. Ra1+ Ke2 49. Ra2+ Ke3 50. Ra3+ Kf4 51. Ra4+ Kg3 52. a6 f2 53. Ra1 Rxh4 54. a7 Rh8 55. Kc6 e5 56. Kd5 Kg2 57. Kxe5 Ra8 58. Kd5 f1Q 0-1

[Event "Titled Tuesday intern op 01st Aug Early"]
[Site "Chess.com INT"]
[Date "2023.08.01"]
[Round "6"]
[White "Tulchynskyi, Feliks"]
[Black "Warchol, Kamil"]
[Result "1-0"]
[WhiteElo "2228"]
[BlackElo "2102"]
[PlyCount "39"]
[EventDate "2023.08.01"]
[EventType "swiss (blitz)"]
[EventRounds "11"]
[EventCountry "USA"]
[SourceTitle "EXT 2024"]
[Source "ChessBase"]
[SourceDate "2023.10.10"]
[SourceVersion "1"]
[SourceVersionDate "2023.10.10"]
[SourceQuality "1"]

1. d4 Nf6 2. g3 e6 3. c4 d5 4. Nf3 Be7 5. Bg2 0-0 6. 0-0 dxc4 7. Ne5 Nbd7 8. Nxc4 c5 9. dxc5 Nxc5 10. Qxd8 Rxd8 11. Nc3 Nd5 12. Rd1 Nxc3 13. Rxd8+ Bxd8 14. bxc3 Bd7 15. Be3 Rc8 16. Nd6 Rc7 17. Bxc5 Rxc5 18. Nxb7 Rxc3 19. Rd1 Bg5 20. Rxd7 1-0